Microsoft word for the IBM PC (Record no. 77645)

MARC details
000 -LEADER
fixed length control field 00776nam a2200193 a 4500
008 - FIXED-LENGTH DATA ELEMENTS--GENERAL INFORMATION
fixed length control field 120416s1985 ||||||||||||||||| || u
020 ## - INTERNATIONAL STANDARD BOOK NUMBER
International Standard Book Number 0135817293
050 ## - LIBRARY OF CONGRESS CALL NUMBER
Classification number Z 52.5 Sca
100 ## - MAIN ENTRY--PERSONAL NAME
Personal name Scanlon, Leo J
245 10 - TITLE STATEMENT
Title Microsoft word for the IBM PC
260 ## - PUBLICATION, DISTRIBUTION, ETC.
Place of publication, distribution, etc. Englewood Cliffs:
Name of publisher, distributor, etc. FT Prentice-Hall
Date of publication, distribution, etc. 1985
300 ## - PHYSICAL DESCRIPTION
Extent x, 156p.
350 ## -
-- 0.00
650 ## - SUBJECT ADDED ENTRY--TOPICAL TERM
Topical term or geographic name entry element MICROSOFT WORD
650 ## - SUBJECT ADDED ENTRY--TOPICAL TERM
Topical term or geographic name entry element WORD PROCESSING
650 ## - SUBJECT ADDED ENTRY--TOPICAL TERM
Topical term or geographic name entry element IBM PERSONAL COMPUTER -- PROGRAMMING
995 ## -
-- ANNEX COLLECTION (Main Library)
-- 0.00
-- 015990
-- CBU-MAIN LIBRARY (Kitwe)
-- 1
-- 7.95
-- Z 52.5 Sca
-- AVAILABLE
-- 015990
-- Annex Low-Usage Collection
995 ## -
-- ANNEX COLLECTION (Main Library)
-- 0.00
-- 713891
-- CBU-MAIN LIBRARY (Kitwe)
-- 2
-- 7.95
-- Z 52.5 Sca
-- 2
-- AVAILABLE
-- 015991
-- Annex Low-Usage Collection
999 ## -
-- 77645
-- 77645
Holdings
Withdrawn status Lost status Source of classification or shelving scheme Damaged status Not for loan Permanent Location Current Location Shelving location Date acquired Total Checkouts Full call number Barcode Date last seen Copy number Price effective from Koha item type
          CBU-MAIN LIBRARY, KITWE. CBU-MAIN LIBRARY, KITWE.   05/03/2023   Z 52.5 Sca 015990 05/03/2023 1 05/03/2023 MONOGRAPH
          CBU-MAIN LIBRARY, KITWE. CBU-MAIN LIBRARY, KITWE.   05/03/2023   Z 52.5 Sca 015991 05/03/2023 2 05/03/2023 MONOGRAPH